Mémoire sur les anciennes branches du Nil /

Saved in:

Main Author: Ṭūsūn, ʻUmar, Prince, 1872-1944 (Author)

Format: Book

Language: French

Published: Le Caire : Impr. de l'Institut français d'archéologie orientale, 1922-1923.

Series: Memoires de l'Institut d'Egypte ; 4.
MIE ; 4.

Subjects:

Tags: Add Tag

No Tags, Be the first to tag this record!

Call Number: DT43 .I625 v.4

LEADER 01437nam a2200385I 4500
001 5884
003 OSt
005 20200628120627.0
008 130303m19221923ua ba g 000 0 fre d
952 |0 0  |1 0  |2 lcc  |4 0  |6 DT0043 I625 V.00004  |7 1  |9 3367  |a ARCE  |b ARCE  |d 2020-06-28  |l 0  |o DT43 .I625 v.4  |r 2020-06-28 00:00:00  |w 2020-06-28  |y BK 
999 |c 6011  |d 6011 
035 |a ocm43489683 
040 |c ARCE Library 
043 |a f-ua--- 
050 0 4 |a DT43 .I625 v.4 
100 1 |a Ṭūsūn, ʻUmar,  |c Prince,  |d 1872-1944,  |e author  |9 41355 
245 1 0 |a Mémoire sur les anciennes branches du Nil /  |c Omar Toussoun. 
264 1 |a Le Caire :  |b Impr. de l'Institut français d'archéologie orientale,  |c 1922-1923. 
300 |a 2 part in 1 volume :  |b folded maps, tables ;  |c 28 cm. 
336 |a text  |b txt  |2 rdacontent 
337 |a unmediated  |b n  |2 rdamedia 
338 |a volume  |b nc  |2 rdacarrier 
490 1 |a Memoires de l'Institut d'Egypte ;   |v 4. 
490 1 |a MIE ;   |v 4. 
505 0 |a volumes 1. Époque ancienne.--volumes 2. Époque arabe. 
651 0 |a Nile River Delta (Egypt) 
651 0 |a Nile River  |x History. 
830 0 |a Memoires de l'Institut d'Egypte ;   |v 4. 
830 0 |a MIE ;   |v 4. 
901 |a reviewed 
907 |a .b24319223  |b 02-04-08  |c 01-30-08 
942 |c BK  |2 lcc 
945 |a DT43 .I625 v.4  |g 1  |i mq231775  |l 1arce  |o z  |p $0.00  |r    |s w  |t 0  |u 0  |v 0  |w 0  |x 0  |y .i31395429  |z 02-04-08 
949 |a DT43 .I625 v.4  |c arcesim 
998 |b 01-30-08  |c m  |d -  |i 1